[Event "1er Tournoi Chess In Lyon a normes de Maitre International"]
[Site "Lyon Olympique Echecs 5 Place du Marché 69009 LYON (FRANCE)"]
[Date "2019.04.22"]
[Round "1.1"]
[White "Rouler, Charly"]
[Black "Brailly-Vignal, Bastien"]
[Result "0-1"]
[BlackElo "2349"]
[EventDate "2019.04.22"]
[PlyCount "0"]
[WhiteElo "2374"]

1. Nf3 Nf6 2. g3 b6 3. Bg2 Bb7 4. O-O e6 5. c4 c5 6. Nc3 Be7 7. Re1 d6 8. e4
Nbd7 9. d4 cxd4 10. Nxd4 Qb8 11. Be3 O-O 12. f4 Rc8 13. b3 a6 14. Rc1 Bf8 (
14... Bf8)15. a4 Re8 16. g4 e5 17. Nf5 g6 18. Ng3 exf4 19. Bxf4 Ne5 20. g5 Nfd7
21. Qc2 Nc5 22. Rcd1 Qc8 23. Nd5 Bxd5 24. Rxd5 Qg4 25. Rf1 Be7 26. Bxe5 dxe5
27. Rxe5 Bxg5 28. Rxe8+ Rxe8 29. b4 Be3+ 30. Kh1 Ne6 31. Qd3 Bf4 32. Ne2 Be5
33. Qd7 Rf8 34. Ng1 Qh5 35. Nf3 Bb8 36. Qd5 Qg4 37. Rd1 Bc7 38. Qd3 Rd8 39. Qc2
Rxd1+ 40. Qxd1 Qxe4 41. Qd5 Qb1+ 42. Ng1 Qxb4 43. Qa8+ Kg7 44. Qxa6 Qd6 45. Nf3
Ng5 46. c5 Qf4 47. Qe2 Nxf3 48. Bxf3 bxc5  0-1

[Event "1er Tournoi Chess In Lyon a normes de Maitre International"]
[Site "Lyon Olympique Echecs 5 Place du Marché 69009 LYON (FRANCE)"]
[Date "2019.04.22"]
[Round "1.2"]
[White "Arzumanyan, Hovhannes"]
[Black "Travadon, Loic"]
[Result "0-1"]
[BlackElo "2456"]
[EventDate "2019.04.22"]
[PlyCount "0"]
[WhiteElo "2252"]

1. e4 e5 2. Nf3 d6 3. d4 exd4 4. Nxd4 Nf6 5. Nc3 Be7 6. Be2 O-O 7. O-O Re8 8.
Re1 Bf8 9. Bf1 c6 10. Bg5 Nbd7 11. Qd2 h6 12. Bh4 Ne5 13. Rad1 Ng6 14. Bg3 Nh5
15. Be2 Nxg3 16. hxg3 Qb6 17. f3 Bd7 18. f4 Rad8 19. Kh2 Bc8 20. Bf3 Qa5 21.
Qd3 Ne5 22. Qe3 Ng4+ 23. Bxg4 Bxg4 24. Nce2 f5 25. b4 Qxa2 26. Nc3 Qf7 27. Ra1
a6 28. Qd2 fxe4 29. Nxe4 Bf5 30. Nxf5 Qxf5 31. Qd4 Re7 32. Re3 Qd5 33. Qb6 Qh5+
34. Kg1 Rde8 35. Nxd6 Rxe3 36. Nxe8 Qxe8 37. Qxb7 Rxg3 38. Qxa6 Qe3+ 39. Kh1
Qe4 40. Qf1 Bxb4 41. Qf2 Qe3 42. Qf1 Kh7 43. Qc4 Bc5 44. Kh2 Rg4 45. Qd3+ Qxd3 
0-1

[Event "1er Tournoi Chess In Lyon a normes de Maitre International"]
[Site "Lyon Olympique Echecs 5 Place du Marché 69009 LYON (FRANCE)"]
[Date "2019.04.22"]
[Round "1.3"]
[White "Sabuk, Piotr"]
[Black "Menard, Baptiste"]
[Result "1-0"]
[BlackElo "2219"]
[EventDate "2019.04.22"]
[PlyCount "0"]
[WhiteElo "2374"]

1. d4 d6 2. c4 e5 3. Nc3 exd4 4. Qxd4 Nc6 5. Qd2 Nf6 6. e4 g6 7. Bd3 Bg7 8. Nge2
O-O 9. b3 Nd7 10. Bb2 Nc5 11. O-O a5 12. Rad1 a4 13. Nd5 Ne5 14. Bxe5 dxe5 15.
Qe3 Ne6 16. c5 axb3 17. axb3 Nd4 18. Nxd4 exd4 19. Qg3 Ra3 20. Bc4 Be6 21. Rfe1
b5 22. cxb6 cxb6 23. h4 Qb8 24. Qg5 Kh8 25. h5 b5 26. h6 Be5 27. Bxb5 f6 28.
Qc1 Rxb3 29. Ba4 Rc8 30. Qd2 Rb2 31. Qd3 Qa7 32. Bb3 g5 33. Rb1 Rxb1 34. Rxb1
Qf7 35. Qd1 g4 36. g3 Rb8 37. Bc4 Rxb1 38. Qxb1 Qf8 39. Nb6 Bxc4 40. Nxc4 Qb8
41. Qd1 Qc8 42. Qb3 Qb8 43. Qa4 d3 44. Qd1 Qf8 45. Qxd3 Qxh6 46. Qd8+ Kg7 47.
Qe7+ Kg8 48. Qe6+ Kf8 49. Nxe5 fxe5 50. Qxh6+  1-0

[Event "1er Tournoi Chess In Lyon a normes de Maitre International"]
[Site "Lyon Olympique Echecs 5 Place du Marché 69009 LYON (FRANCE)"]
[Date "2019.04.22"]
[Round "1.4"]
[White "Tahay, Alexis"]
[Black "Buscara, Sevan"]
[Result "1-0"]
[BlackElo "2426"]
[EventDate "2019.04.22"]
[PlyCount "0"]
[WhiteElo "2342"]

1. e4 c5 2. Nf3 Nc6 3. d4 cxd4 4. Nxd4 e5 5. Nb5 d6 6. N1c3 a6 7. Na3 Be7 8. Nc4
b5 9. Ne3 Nf6 10. Bd3 O-O 11. O-O Nb4 12. Be2 Be6 13. a3 Nc6 14. Ned5 Nd4 15.
Bd3 Nxd5 16. Nxd5 Bg5 17. c3 Bxc1 18. Rxc1 Nc6 19. a4 Rb8 20. axb5 axb5 21. b4
Bxd5 22. exd5 Ne7 23. f4 g6 24. f5 f6 25. h4 Qb6+ 26. Kh2 Qe3 27. fxg6 hxg6 28.
h5 f5 29. Rf3 Qh6 30. Rh3 Qf4+ 31. Kg1 e4 32. Bf1 g5 33. h6 g4 34. Qd4 Rf7 35.
h7+ Rxh7 36. Rxh7 Kxh7 37. Qa7 Re8 38. Rc2 Qe5 39. Bxb5 Rg8 40. Qd7 Rg7 41. Qe8
Ng6 42. Qxe5 Nxe5 43. g3 Nf3+ 44. Kf1 Rc7 45. Ba6 Nd4 46. Rh2+ Kg6 47. cxd4
Rc1+ 48. Kf2 Rc2+ 49. Be2 Rc3 50. Rh8 e3+ 51. Ke1 Rc1+ 52. Bd1 f4 53. gxf4 Kf5
54. Rg8 Rb1 55. Ke2 Kxf4 56. Rf8+ Kg3 57. b5 Kg2 58. b6 g3 59. Kxe3 Rxb6 60.
Bf3+ Kg1 61. Rg8 Rb3+ 62. Kf4  1-0

[Event "1er Tournoi Chess In Lyon a normes de Maitre International"]
[Site "Lyon Olympique Echecs 5 Place du Marché 69009 LYON (FRANCE)"]
[Date "2019.04.22"]
[Round "1.5"]
[White "Hejazipour, Mitra"]
[Black "Kukov, Velislav"]
[Result "0-1"]
[BlackElo "2351"]
[EventDate "2019.04.22"]
[PlyCount "0"]
[WhiteElo "2255"]

1. Nf3 f5 2. d4 e6 3. c4 Nf6 4. g3 c6 5. Bg2 d5 6. O-O Bd6 7. b3 Qe7 8. Qc2 O-O
9. Bb2 Bd7 10. Ne5 Be8 11. Nd2 Nbd7 12. Ndf3 Bh5 13. Nd3 a5 14. Nfe5 Ne4 15.
Bf3 Be8 16. Bg2 Bh5 17. Nxd7 Qxd7 18. c5 Bc7 19. Bc1 Qe7 20. Bf4 Bxf4 21. Nxf4
Nf6 22. Qb2 e5 23. Nd3 Nd7 24. Bf3 Bg6 25. b4 e4 { Illisible.}   0-1

[Event "1er Tournoi Chess In Lyon a normes de Maitre International"]
[Site "Lyon Olympique Echecs 5 Place du Marché 69009 LYON (FRANCE)"]
[Date "2019.04.23"]
[Round "2.1"]
[White "Brailly-Vignal, Bastien"]
[Black "Kukov, Velislav"]
[Result "1/2-1/2"]
[BlackElo "2351"]
[EventDate "2019.04.22"]
[PlyCount "0"]
[WhiteElo "2349"]

1. d4 d5 2. c4 Nc6 3. Nc3 Nf6 4. cxd5 Nxd5 5. e4 Nxc3 6. bxc3 e5 7. d5 Nb8 8.
Be3 Bd6 9. Be2 O-O 10. g3 Nd7  1/2-1/2

[Event "1er Tournoi Chess In Lyon a normes de Maitre International"]
[Site "Lyon Olympique Echecs 5 Place du Marché 69009 LYON (FRANCE)"]
[Date "2019.04.23"]
[Round "2.2"]
[White "Buscara, Sevan"]
[Black "Hejazipour, Mitra"]
[Result "1-0"]
[BlackElo "2255"]
[EventDate "2019.04.22"]
[PlyCount "0"]
[WhiteElo "2426"]

1. e4 c5 2. Nf3 d6 3. Bb5+ Nd7 4. O-O a6 5. Bxd7+ Bxd7 6. Re1 e5 7. c3 c4 8. b3
b5 9. a4 Nf6 10. axb5 axb5 11. Rxa8 Qxa8 12. bxc4 bxc4 13. Qe2 Bb5 14. Ba3 Be7
15. Bb4 Ba6 16. Na3 Qc6 17. Qe3 Nd7 18. Qa7 Bd8 19. Kh1 O-O 20. Nc2 Bb7 21. Qe3
Bb6 22. Qg5 Nc5 23. Bxc5 Qxc5 24. Qh4 h6 25. Ne3 d5 26. exd5 Bxd5 27. Nxe5 Qd6
{ Illisible.}   1-0

[Event "1er Tournoi Chess In Lyon a normes de Maitre International"]
[Site "Lyon Olympique Echecs 5 Place du Marché 69009 LYON (FRANCE)"]
[Date "2019.04.23"]
[Round "2.3"]
[White "Menard, Baptiste"]
[Black "Tahay, Alexis"]
[Result "1/2-1/2"]
[BlackElo "2342"]
[EventDate "2019.04.22"]
[PlyCount "0"]
[WhiteElo "2219"]

1. e4 c5 2. Nf3 d6 3. d4 cxd4 4. Qxd4 Nf6 5. Bg5 Nc6 6. Bb5 Bd7 7. Qd3 e6 8. Nc3
Be7 9. O-O-O Qc7 10. Rhe1 a6 11. Bxc6 Bxc6 12. Bxf6 gxf6 13. Nd4 O-O-O 14. Qh3
Kb8 15. Qh5 Bf8 16. f4 d5 17. f5 Bb4 18. fxe6 Bxc3 19. bxc3 dxe4 20. Nxc6+ Qxc6
21. e7 Rc8 22. Qh3 Rhe8 23. Rd7 Qa4 24. Kd2 Qc6 25. Rb1 Rxe7 26. Qg3+ Re5 27.
Rbxb7+ Qxb7 28. Rxb7+ Kxb7 29. Qg7 e3+ 30. Ke1 Rc7 31. Qxf6 Re6 32. Qf4 e2 33.
Qb4+ Ka8 34. h4 ( 34. Qh4 Re8 ) 1/2-1/2

[Event "1er Tournoi Chess In Lyon a normes de Maitre International"]
[Site "Lyon Olympique Echecs 5 Place du Marché 69009 LYON (FRANCE)"]
[Date "2019.04.23"]
[Round "2.4"]
[White "Travadon, Loic"]
[Black "Sabuk, Piotr"]
[Result "0-1"]
[BlackElo "2374"]
[EventDate "2019.04.22"]
[PlyCount "0"]
[WhiteElo "2456"]

1. Nf3 d5 2. d4 Nf6 3. c4 e6 4. Nc3 Be7 5. Bf4 O-O 6. Rc1 c6 7. e3 Nbd7 8. cxd5
exd5 9. Bd3 Re8 10. Ne5 Nxe5 11. dxe5 Nd7 12. O-O Bf8 13. Bg3 Nxe5 14. Bxh7+
Kxh7 15. Qh5+ Kg8 16. Bxe5 Qd7 17. Bg3 Qg4 18. Qxg4 Bxg4 19. h3 Bh5 20. Bf4 f6
21. g4 Bf7 22. Rfd1 Rad8 23. Ne2 c5 24. b4 g5 25. Bg3 d4 26. bxc5 dxe3 27. Rxd8
Rxd8 28. fxe3 Rd2 29. Nd4 Bd5 30. Bf2 Rxa2 31. Nf5 Kf7 32. Rd1 Ke6 33. Nd4+ Kf7
34. Nf5 Bc6 35. e4 a5 36. Nd6+ Ke6 37. Bd4 a4 38. Rf1 Be7 39. Nf5 Bxe4 40. Re1
Kd5 41. Bf2 Bxc5 42. Bxc5 Bxf5 43. Be7 Bd3 44. Bxf6 b5 45. Rd1 Kc4 46. Rc1+ Bc2
47. Bxg5 b4 48. Bf6 b3 49. g5 Kd5 50. Kf2 a3 51. g6 Bxg6+ 52. Ke3  0-1

[Event "1er Tournoi Chess In Lyon a normes de Maitre International"]
[Site "Lyon Olympique Echecs 5 Place du Marché 69009 LYON (FRANCE)"]
[Date "2019.04.23"]
[Round "2.5"]
[White "Rouler, Charly"]
[Black "Arzumanyan, Hovhannes"]
[Result "1-0"]
[BlackElo "2252"]
[EventDate "2019.04.22"]
[PlyCount "0"]
[WhiteElo "2374"]

1. Nf3 c5 2. c4 Nf6 3. Nc3 Nc6 4. d4 cxd4 5. Nxd4 d6 6. g3 g6 7. Bg2 Bd7 8. O-O
Bg7 9. b3 O-O 10. Nc2 Rc8 11. Bb2 a6 12. Ne3 Re8 13. Qd2 Rb8 14. Ncd5 Nxd5 15.
cxd5 Ne5 16. h3 f5 17. Bd4 Rf8 18. f4 Nf7 19. Rfc1 Bxd4 20. Qxd4 Rc8 21. Rxc8
Qxc8 22. Nc4 Qc7 23. Qe3 b5 24. Nb6 Rb8 25. Nxd7 Qxd7 26. Rc1 Kf8 27. Rc6 Qb7
28. Qc3 b4 29. Qd3 a5 30. Qa6 Qxa6 31. Rxa6 Rb5 32. Kf2 Rc5 33. Ra8+ Kg7 34.
Bf3 Kf6 35. Ke3 e5 36. dxe6 Kxe6 37. Kd4 g5 38. e3 gxf4 39. gxf4 h6 40. h4 Kd7
41. Bd5 Nd8 42. Ra7+ Rc7 43. Rxa5 Ne6+ 44. Bxe6+ Kxe6 45. Ra8 Rc2 46. Rh8 Rxa2
47. Rxh6+ Kd7 48. Rf6 Rb2 49. Kc4 Re2 50. Rxf5 Rxe3 51. Kxb4 Ke6 52. Rf8 Ke7
53. Rh8 Re4+ 54. Kb5 Rxf4 55. b4 d5 56. Rh5 Ke6 57. Rh6+ Ke7 58. Ka4 d4 59. Rc6
d3 60. Rc1 Rxh4 61. Kb3 d2 62. Rd1 Rd4 63. Kc3 Rd5 64. Rxd2 Rxd2 65. Kxd2 Kd6 
1-0

[Event "1er Tournoi Chess In Lyon a normes de Maitre International"]
[Site "Lyon Olympique Echecs 5 Place du Marché 69009 LYON (FRANCE)"]
[Date "2019.04.23"]
[Round "3.1"]
[White "Arzumanyan, Hovhannes"]
[Black "Brailly-Vignal, Bastien"]
[Result "0-1"]
[BlackElo "2349"]
[EventDate "2019.04.22"]
[PlyCount "0"]
[WhiteElo "2252"]

1. e4 c5 2. Nf3 d6 3. d4 cxd4 4. Nxd4 Nf6 5. Nc3 a6 6. Be2 e6 7. O-O Nbd7 8. f4
Be7 9. Bf3 Qc7 10. a4 Rb8 11. Kh1 h5 12. Re1 g6 13. a5 e5 14. Nb3 exf4 15. Bxf4
Ne5 16. Nd4 Bd7 17. Qe2 Bc6 18. Nd5 Bxd5 19. exd5 Nfd7 20. Qe3 Bf6 21. Bh6 Nf8
22. Rf1 Qe7 23. Rae1 Nh7 24. Re2 Ng5 25. Bxg5 Bxg5 26. Qf2 Rc8 27. b3 Bh6 28.
c4 Rc7 29. Qe1 Bg7 30. Qd2 Qf6 31. Ree1 Qh4 32. Re4 Qf6 33. Qe2 Qg5 34. Re1 O-O
35. Qe3 Qxe3 36. R4xe3 Nxc4 37. bxc4 Bxd4 38. Rb3 Rfc8 39. g3 Rxc4 40. Rxb7 Rc2
41. Be4 Rd2 42. Bb1 h4 43. gxh4 Be5 44. Rf1 Rc4 45. h3 Rc3 46. Rbxf7 Rxh3+ 47.
Kg1 Bd4+  0-1

[Event "1er Tournoi Chess In Lyon a normes de Maitre International"]
[Site "Lyon Olympique Echecs 5 Place du Marché 69009 LYON (FRANCE)"]
[Date "2019.04.23"]
[Round "3.2"]
[White "Sabuk, Piotr"]
[Black "Rouler, Charly"]
[Result "1/2-1/2"]
[BlackElo "2374"]
[EventDate "2019.04.22"]
[PlyCount "0"]
[WhiteElo "2374"]

1. d4 Nf6 2. c4 d6 3. Nc3 Nbd7 4. e4 e5 5. Nf3 g6 6. Be2 Bg7 7. O-O O-O 8. Be3
c6 9. d5 c5 10. Ne1 Ne8 11. g4 Kh8 12. Kh1 Qh4 13. Rg1 Qe7 14. Qc2 a6 15. a3
Nc7 16. Rb1 Rb8 17. b4 b6 18. Nd3 Rb7 19. Rg3 Na8 20. Qd2 Rc7 21. b5 a5 22. Kg2
f5 23. gxf5 gxf5 24. exf5 Nf6 25. Rg1 Bxf5 26. Kf1 Rg8 27. Bg5 Qf8 28. Bxf6
Qxf6 29. Bf3 Qh4 30. Bg4 Bg6 31. Rh3 Qf6 32. Rf3 Qh4 33. Rh3 Qf6 34. Rf3 Qh4
35. Rh3  1/2-1/2

[Event "1er Tournoi Chess In Lyon a normes de Maitre International"]
[Site "Lyon Olympique Echecs 5 Place du Marché 69009 LYON (FRANCE)"]
[Date "2019.04.23"]
[Round "3.3"]
[White "Tahay, Alexis"]
[Black "Travadon, Loic"]
[Result "1-0"]
[BlackElo "2456"]
[EventDate "2019.04.22"]
[PlyCount "0"]
[WhiteElo "2342"]

1. e4 e5 2. Nf3 d6 3. d4 exd4 4. Nxd4 Nf6 5. Nc3 Be7 6. Be2 O-O 7. Bf4 Re8 8.
Qd2 Nc6 9. O-O-O Nxd4 10. Qxd4 Be6 11. f3 a6 12. g4 b5 13. Kb1 c5 14. Qd2 b4
15. Nd5 Nxd5 16. exd5 Bd7 17. Bc4 a5 18. h4 a4 19. h5 a3 20. b3 Bf6 21. Rhe1
Bc3 22. Rxe8+ Qxe8 23. Qh2 Bb5 24. Bxd6 Bxc4 25. bxc4 Qe3 26. Qg1 Qxf3 27. Rf1
Qe2 28. Qf2 Qxf2 29. Rxf2 Re8 30. Rf1 Bd4 31. Kc1 b3 32. Kb1 b2 33. Bc7 Bf6 34.
Bb6 Re4 35. Bxc5 Rxg4 36. Re1 h6 37. Bxa3 Rxc4 38. d6 g5 39. d7 Kg7 40. Bxb2
Rb4 41. d8=Q Rxb2+ 42. Kc1 Bxd8 43. Kxb2 g4 44. c4 f5 45. Kc2 Bh4 46. Re6 Bf6
47. Kd3 Kf7 48. Re1 Bh4 49. Rf1 Bd8 50. c5 Kf6 51. c6 Kg5 52. Rc1 Bc7 53. Re1
Kf6 54. Re8 f4 55. Rc8 g3 56. Ke2 Bb6 57. Kf3 Ke7 58. Rb8  1-0

[Event "1er Tournoi Chess In Lyon a normes de Maitre International"]
[Site "Lyon Olympique Echecs 5 Place du Marché 69009 LYON (FRANCE)"]
[Date "2019.04.23"]
[Round "3.4"]
[White "Hejazipour, Mitra"]
[Black "Menard, Baptiste"]
[Result "1-0"]
[BlackElo "2219"]
[EventDate "2019.04.22"]
[PlyCount "0"]
[WhiteElo "2255"]

1. d4 d6 2. Nf3 g6 3. c4 Bg7 4. Nc3 Nc6 5. g3 Nf6 6. Bg2 O-O 7. O-O a6 8. d5 Na5
9. b3 c5 10. dxc6 Nxc6 11. Bb2 Bd7 12. Ne1 Rb8 13. Rc1 Qa5 14. a4 Qh5 15. Nf3
Bh3 16. Nh4 Be6 17. Ba1 Rfd8 18. Nd5 Bxd5 19. cxd5 Nb4 20. Bf3 Qg5 21. e4 Rdc8
22. Ng2 Rxc1 23. Qxc1 Qxc1 24. Rxc1 Nd7 25. Bxg7 Kxg7 26. Bd1 Nc5 27. f3 Kf6
28. Ne3 Ke5 29. Rc4 h5 30. Rxb4  1-0

[Event "1er Tournoi Chess In Lyon a normes de Maitre International"]
[Site "Lyon Olympique Echecs 5 Place du Marché 69009 LYON (FRANCE)"]
[Date "2019.04.23"]
[Round "3.5"]
[White "Kukov, Velislav"]
[Black "Buscara, Sevan"]
[Result "1/2-1/2"]
[BlackElo "2426"]
[EventDate "2019.04.22"]
[PlyCount "0"]
[WhiteElo "2351"]

1. d4 Nf6 2. Nf3 d5 3. c4 c6 4. cxd5 cxd5 5. Nc3 Nc6 6. Bf4 a6 7. Rc1 Nh5 8. Bd2
Nf6 9. Bf4 Nh5 10. Bd2 Nf6  1/2-1/2

[Event "1er Tournoi Chess In Lyon a normes de Maitre International"]
[Site "Lyon Olympique Echecs 5 Place du Marché 69009 LYON (FRANCE)"]
[Date "2019.04.24"]
[Round "4.2"]
[White "Menard, Baptiste"]
[Black "Kukov, Velislav"]
[Result "0-1"]
[BlackElo "2351"]
[EventDate "2019.04.22"]
[PlyCount "0"]
[WhiteElo "2219"]

1. e4 c6 2. Nc3 d5 3. Nf3 dxe4 4. Nxe4 Bf5 5. Qe2 e6 6. g3 Nd7 7. Bg2 Ngf6 8. d3
Be7 9. O-O O-O 10. c3 h6 11. Nxf6+ Nxf6 12. Ne5 Nd7 13. d4 Nxe5 14. Qxe5 Qb6
15. Qe2 a5 16. Bf4 Rfd8 17. Rad1 Rd7 18. Rd2 Rad8 19. Rfd1 Bd6 20. Be3 Qc7 21.
f4 c5 22. Qb5 Bg4 23. Re1 cxd4 24. Rxd4 Bc5 25. Rxd7 Bxe3+ 26. Rxe3 Rxd7 27. h3
Bf5 28. Re5 Rd1+ 29. Kh2 b6 30. Re2 Bd3 31. Qe8+ Kh7 32. Re5 Rd2 33. Kg1 Rxb2
34. c4 Bg6 35. h4 f6  0-1

[Event "1er Tournoi Chess In Lyon a normes de Maitre International"]
[Site "Lyon Olympique Echecs 5 Place du Marché 69009 LYON (FRANCE)"]
[Date "2019.04.24"]
[Round "4.3"]
[White "Travadon, Loic"]
[Black "Hejazipour, Mitra"]
[Result "1-0"]
[BlackElo "2255"]
[EventDate "2019.04.22"]
[PlyCount "0"]
[WhiteElo "2456"]

1. e4 c5 2. Nf3 d6 3. d4 cxd4 4. Nxd4 Nf6 5. Nc3 a6 6. Nb3 e6 7. g4 b5 8. Bg2
Bb7 9. g5 Nfd7 10. h4 h6 11. Be3 Nc6 12. Qe2 Rc8 13. f4 b4 14. Na4 Na5 15. f5
e5 16. g6 Nc4 17. gxf7+ Kxf7 18. Bf2 Ndb6 19. Nxb6 Nxb6 20. Qh5+ Kg8 21. f6
Rxc2 22. Bh3 Qxf6 23. Bxb6 g6 24. Rg1 Bxe4 25. Qg4 d5 26. Qe6+ Qxe6 27. Bxe6+
Kh7 28. Bf2 Be7 29. Nd2 Bf5 30. Bxf5 gxf5 31. Kd1 Rhc8 32. Be1 e4 33. Nb3 Bf6
34. Rb1 Bxb2 35. Bxb4 d4 36. Bc5 d3 37. Bd4 Bxd4 38. Nxd4 f4 39. Ne6 e3 40.
Nxf4 e2+ 41. Ke1 R8c7 42. Nxd3 Rxa2 43. Nf4 Ra4 44. Nd5 Rf7 45. Rb7 Ra1+ 46.
Kxe2 Rxg1 47. Rxf7+ Kg6 48. Rf4 a5 49. Ra4 Kh5 50. Kf2 Rd1 51. Ne3 Rb1 52. Kg3
Rb5 53. Ra3 Rc5 54. Ng2 Kg6 55. Kg4 h5+ 56. Kg3 Rb5 57. Nf4+ Kf6 58. Kf3 Re5
59. Rb3 Rc5 60. Rb6+ Kf5 61. Ne2 Rd5 62. Ng3+ Ke5 63. Nxh5 Rd3+ 64. Kg4 a4 65.
Nf4 Rb3 66. Re6+ Kd4 67. Ra6 a3 68. h5 Kc3 69. h6 Kb2 70. h7 Rb8 71. Rb6+ Rxb6
72. h8=Q+ Kb1 73. Qh1+ Ka2 74. Qd5+ Kb1 75. Qd1+ Ka2 76. Nd3 Rb1 77. Qc2+ Ka1
78. Qc3+ Ka2 79. Nb4+  1-0

[Event "1er Tournoi Chess In Lyon a normes de Maitre International"]
[Site "Lyon Olympique Echecs 5 Place du Marché 69009 LYON (FRANCE)"]
[Date "2019.04.24"]
[Round "4.4"]
[White "Rouler, Charly"]
[Black "Tahay, Alexis"]
[Result "1/2"]
[BlackElo "2342"]
[EventDate "2019.04.22"]
[PlyCount "0"]
[WhiteElo "2374"]

1. Nf3 c5 2. c4 Nc6 3. d4 cxd4 4. Nxd4 Nf6 5. Nc3 e6 6. a3 d5 7. cxd5 exd5 8.
Bg5 Bc5 9. e3 Nxd4 10. exd4 Be7 11. Be2  1/2

[Event "1er Tournoi Chess In Lyon a normes de Maitre International"]
[Site "Lyon Olympique Echecs 5 Place du Marché 69009 LYON (FRANCE)"]
[Date "2019.04.24"]
[Round "4.5"]
[White "Arzumanyan, Hovhannes"]
[Black "Sabuk, Piotr"]
[Result "1/2"]
[BlackElo "2374"]
[EventDate "2019.04.22"]
[PlyCount "0"]
[WhiteElo "2252"]

1. e4 e5 2. Nf3 Nc6 3. Bb5 a6 4. Ba4 Nf6 5. O-O Be7 6. d3 b5 7. Bb3 d6 8. c3 O-O
9. h3 Na5 10. Bc2 c5 11. d4 Qc7 12. Re1 Bd7 13. d5 Nc4 14. Nbd2 Nxd2 15. Bxd2
Ne8 16. a4 Qb7 17. axb5 axb5 18. Rxa8 Qxa8 19. g4 h5 20. Nh2 hxg4 21. hxg4 Qd8
22. Kg2 Bg5 23. Bxg5 Qxg5 24. Qc1 Qh4 25. f3 Nf6 26. Qe3 Ra8 27. Nf1 Nh7 28.
Ng3 Ra2 29. Rb1 Qg5 30. Qxg5 Nxg5 31. Bb3 Ra8 32. c4 g6 33. Ne2 Kg7 34. Nc3 b4
35. Ne2 f5 36. gxf5 gxf5 37. exf5 Bxf5 38. Re1 Kf6 39. Ng3 Nh3 40. Nxf5 Nf4+
41. Kf2 Kxf5 42. Bc2+ Kf6 43. Rh1 Ra2 44. Rb1 Ra8 45. Rh1 b3 46. Be4 Ra2 47.
Rb1 Kg5 48. Ke3 Ra4 49. Rc1 Ng2+ 50. Kd3 Nf4+ 51. Ke3 Ra2 52. Rb1  1/2

[Event "1er Tournoi Chess In Lyon a normes de Maitre International"]
[Site "Lyon Olympique Echecs 5 Place du Marché 69009 LYON (FRANCE)"]
[Date "2019.04.25"]
[Round "5.1"]
[White "Sabuk, Piotr"]
[Black "Brailly-Vignal, Bastien"]
[Result "1-0"]
[BlackElo "2349"]
[EventDate "2019.04.22"]
[PlyCount "0"]
[WhiteElo "2374"]

1. d4 Nf6 2. c4 e6 3. Nf3 Bb4+ 4. Nbd2 b6 5. a3 Bxd2+ 6. Qxd2 Bb7 7. e3 O-O 8.
Be2 d6 9. b4 Nbd7 10. Bb2 Rc8 11. O-O Ne4 12. Qc2 f5 13. d5 e5 14. Nd2 Nxd2 15.
Qxd2 Qh4 16. f4 Rce8 17. Rf2 Re7 18. Raf1 g6 19. Rf3 Qh6 20. Rh3 Qg7 21. e4
fxe4 22. Bg4 Rfe8 23. Re3 Qh6 24. Rh3 Qg7 25. Re3 Nf6 26. Be6+ Rxe6 27. dxe6
Rxe6 28. fxe5 Ng4 29. exd6 Qh6 30. Be5 Nxe5 31. d7 Nxd7 32. Qxd7 Qxe3+ 33. Kh1
Rf6 34. Qd8+ Kg7 35. Qxf6+ Kh6 36. Qh4+ Kg7 37. Qe7+ Kh6 38. Qh4+ Kg7 39. Qe7+
Kh6 40. Qxc7  1-0

[Event "1er Tournoi Chess In Lyon a normes de Maitre International"]
[Site "Lyon Olympique Echecs 5 Place du Marché 69009 LYON (FRANCE)"]
[Date "2019.04.25"]
[Round "5.2"]
[White "Tahay, Alexis"]
[Black "Arzumanyan, Hovhannes"]
[Result "1-0"]
[BlackElo "2252"]
[EventDate "2019.04.22"]
[PlyCount "0"]
[WhiteElo "2342"]

1. e4 c5 2. Nf3 e6 3. d4 cxd4 4. Nxd4 a6 5. Bd3 Qc7 6. O-O Nf6 7. Qe2 d6 8. c4
Be7 9. Nc3 O-O 10. f4 Nbd7 11. Bd2 b6 12. Rac1 Bb7 13. f5 e5 14. Nb3 Nc5 15.
Nxc5 dxc5 16. Nd5 Bxd5 17. cxd5 b5 18. b3 Rfc8 19. Kh1 Rab8 20. Rf3 h6 21. a4
Qb6 22. Ra1 bxa4 23. Bxa6 axb3 24. Bxc8 Rxc8 25. Qc4 Rb8 26. Rb1 Qb5 27. Qxb5
Rxb5 28. Rfxb3 Rxb3 29. Rxb3 Nxe4 30. Rb8+ Kh7 31. Rb7 Bd6 32. Ba5 c4 33. Bb4
c3 34. Bxd6 Nxd6 35. Rc7 Nxf5 36. Rxc3 Kg6 37. d6 Kf6 38. Rf3  1-0

[Event "1er Tournoi Chess In Lyon a normes de Maitre International"]
[Site "Lyon Olympique Echecs 5 Place du Marché 69009 LYON (FRANCE)"]
[Date "2019.04.25"]
[Round "5.3"]
[White "Hejazipour, Mitra"]
[Black "Rouler, Charly"]
[Result "1-0"]
[BlackElo "2374"]
[EventDate "2019.04.22"]
[PlyCount "0"]
[WhiteElo "2255"]

1. d4 Nf6 2. c4 e6 3. Nf3 c5 4. d5 exd5 5. cxd5 d6 6. Nc3 g6 7. Bf4 Bg7 8. h3
O-O 9. e3 a6 10. a4 Qe7 11. Nd2 Nbd7 12. Be2 Ne5 13. O-O Ne8 14. a5 f5 15. Na4
Bd7 16. Nb6 Rb8 17. Qb3 Nc7 18. Ndc4 Nf7 19. Rfe1 Bb5 20. Bh2 Rbd8 21. Rad1 Ne8
22. Nd2 Bxe2 23. Rxe2 Nf6 24. Ndc4 Rfe8 25. Qa3 Nd7 26. b4 Nfe5 27. Bxe5 Bxe5
28. Nxe5 Nxb6 29. Nxg6 hxg6 30. axb6 cxb4 31. Qxb4 Rc8 32. Rd4 Rc5 33. Rc4 Rb5
34. Qc3 Rxb6 35. f4 Qg7 36. Qc1 Rb3 37. Rc8 Qe7 38. Kh2 Rb5 39. Rec2 Rc5 40.
R2xc5 dxc5 41. d6 Qe6 42. Rxe8+ Qxe8 43. Qxc5 Kf7 44. Qc7+ Ke6 45. Qxb7 a5 46.
Qb3+ Kxd6 47. Qb6+ Kd7 48. Qb5+ Ke7 49. Qxa5 Kf7 50. Qd5+ Kf8 51. Qd4 Qb5 52.
Qf6+  1-0

[Event "1er Tournoi Chess In Lyon a normes de Maitre International"]
[Site "Lyon Olympique Echecs 5 Place du Marché 69009 LYON (FRANCE)"]
[Date "2019.04.25"]
[Round "5.4"]
[White "Kukov, Velislav"]
[Black "Travadon, Loic"]
[Result "1-0"]
[BlackElo "2456"]
[EventDate "2019.04.22"]
[PlyCount "0"]
[WhiteElo "2351"]

1. d4 d5 2. Nf3 Nf6 3. Bf4 c5 4. e3 Nc6 5. c3 Nh5 6. Bg3 cxd4 7. cxd4 Qb6 8. Qb3
Qxb3 9. axb3 Nxg3 10. hxg3 e6 11. Nc3 Bd7 12. Bb5 f6 13. Ke2 Bd6 14. e4 dxe4
15. Nxe4 Be7 16. Rhd1 Rc8 17. Nc3 a6 18. Bc4 Nb4 19. Na2 b5 20. Nxb4 bxc4 21.
Nxa6 cxb3 22. Nc5 Bb5+ 23. Ke3 Bc4 24. Rdc1 Bd5 25. Nxb3 Rb8 26. Nc5 Rxb2 27.
Nd3 Rb8 28. Rc7 g5 29. Raa7 Bd6 30. Rd7 Rb6 31. Nd2 Bb8 32. Re7+ Kd8 33. Rad7+
Kc8 34. Rxh7 Re8 35. Ne4 Bxe4 36. Kxe4 f5+ 37. Ke3 e5 38. dxe5 Bxe5 39. Rde7
Re6 40. Rxe8+ Rxe8 41. Nxe5 Rxe5+ 42. Kd2 Rd5+ 43. Ke1 Ra5 44. Rg7 g4 45. Ke2
Re5+ 46. Kd3 Kd8 47. f3 gxf3 48. gxf3 Ke8 49. Kd4 Ra5 50. Rc7 Ra3 51. Rc3 Ra5
52. Rc5 Ra4+ 53. Ke5 f4 54. g4 Kf7 55. Kf5 Rd4 56. g5 Kg7 57. Rc7+ Kg8 58. Re7
Kf8 59. Re4  1-0